000 00309nam a22001337a 4500
008 170605b xxu||||| |||| 00| 0 eng d
020 _ax0006379bf
041 _aeng
080 _24TH
_a94
100 _a18
101 _aSHH
245 _aA HISTORY OF THE MODERN MIDDLE EAST
_cCLEVELAND,W.L
942 _2udc
_cBK
999 _c15902
_d15902